Beyond the river : Ottoman Transjordan in original photographs /
Main Author:
Other Authors:
Format: Book
Language: English
Published:
London :
Stacey International,
c2005.
Subjects:
Tags: Add Tag
Call Number: DS154.4 .A28 2005
| LEADER | 00901namaa2200265 4500 | ||
|---|---|---|---|
| 001 | 12931 | ||
| 003 | OSt | ||
| 005 | 20250511075539.0 | ||
| 008 | 130303s2005 enkab b 000 0 eng d | ||
| 020 | |a 1900988828 | ||
| 040 | |c ARCE Library | ||
| 043 | |a a-jo--- | ||
| 050 | 4 | |a DS154.4 .A28 2005 | |
| 100 | 1 | |a Abujaber, Raouf Sa'd. |e author | |
| 245 | 1 | 0 | |a Beyond the river : |b Ottoman Transjordan in original photographs / |c Raouf Sa'd Abujaber and Felicity Cobbing. |
| 264 | 1 | |a London : |b Stacey International, |c c2005. | |
| 300 | |a 240 pages : |b illustrations (some color), maps (some color) ; |c 30 cm. | ||
| 504 | |a Includes bibliographical references (p. 237-240) | ||
| 651 | 0 | |a Jordan |v Pictorial works. | |
| 651 | 0 | |a Jordan |x Antiquities |v Pictorial works. | |
| 651 | 0 | |a Jordan |x History |v Pictorial works. | |
| 700 | 1 | |a Cobbing, Felicity. |9 28154 | |
| 901 | |a reviewed | ||
| 942 | |c BK |2 lcc | ||
| 999 | |c 11493 |d 11493 | ||
